Musicas da Sabrina Carpenter - Statistics

Estatísticas Gerais
  • Esse quiz foi jogado 205 vezes
  • A pontuação média é 22 de 80
Estatísticas das Respostas
Hint Resposta % Correto
short 'n sweet Espresso
85%
short 'n sweet Please Please Please
84%
short 'n sweet Taste
82%
short 'n sweet Juno
75%
emails i can't send Nonsense
69%
emails i can't send Feather
66%
short 'n sweet Bed Chem
64%
evolution Thumbs
61%
short 'n sweet Coincidence
56%
emails i can't send Emails I Can't Send
56%
short 'n sweet Good Graces
56%
short 'n sweet Lie To Girls
56%
emails i can't send Because I Liked A Boy
54%
short 'n sweet Don't Smile
51%
short 'n sweet Sharpest Tool
51%
short 'n sweet Dumb&Poetic
45%
single Skin
43%
short 'n sweet Slim Pickins
43%
emails i can't send Tornado Warnings
42%
eyes wide open Eyes Wide Open
40%
emails i can't send Read Your Mind
40%
emails i can't send Decode
38%
singular act i Sue Me
38%
emails i can't send Vicious
36%
fruitcake Cindy Lou Who
33%
emails i can't send Fast Times
33%
singular act ii Looking At Me
33%
emails i can't send Opposite
33%
fruitcake A Nonsense Christmas
31%
singular act i Paris
31%
fruitcake Buy Me Presents
30%
emails i can't send Skinny Dipping
29%
eyes wide open Can't Blame A Girl For Trying
28%
emails i can't send Bet U Wanna
25%
emails i can't send Bad For Business
24%
emails i can't send Things I Wish You Said
24%
emails i can't send How Many Things
23%
fruitcake Santa Doesn't Know You Like I Do
23%
emails i can't send Lonesome
19%
singular act i Monalisa
19%
fruitcake White Xmas
18%
singular act i Almost Love
17%
fruitcake Is It New Years Yet
17%
single On My Way
16%
evolution On Purpose
16%
single Why
16%
singular act i Diamonds Are Forever
15%
singular act ii Exhale
15%
singular act ii Pushing 20
15%
evolution Shadows
15%
singular act i prfct
14%
single Smoke And Fire
14%
eyes wide open We'll Be The Stars
14%
single Alien
13%
evolution Run And Hide
13%
singular act ii Tell 'Em
13%
singular act i Bad Time
12%
eyes wide open Too Young
12%
evolution All We Have Is Love
11%
single Honeymoon Fades
11%
eyes wide open White Flag
11%
eyes wide open Best Thing I Got
10%
singular act i Hold Tight
10%
singular act ii I'm Fakin
10%
evolution Mirage
10%
emails i can't send Alredy Over
9%
evolution Space
9%
evolution Don't Want It Back
8%
evolution No Words
8%
eyes wide open Right Now
8%
singular act ii Take Off All Your Cool
8%
singular act ii Take You Back
8%
eyes wide open The Middle Of Starting Over
8%
eyes wide open Two Young Hearts
7%
eyes wide open Darling I'm A Mess
6%
singular act ii I Can't Stop Me
6%
singular act ii In My Bad
3%
eyes wide open You Love's Like
3%
evolution Feel Like Loneliness
1%
eyes wide open SSeamless
0%
Nenhum quiz correspondente encontrado
Distribuição das Pontuações
Porcentagem de Pessoas com Cada Pontuação
Percentil de Números Respondidos
Sua Pontuação Histórica
Você não jogou esse quiz